| 000 | 00897cam a22002411i 4500 | ||
|---|---|---|---|
| 003 | SA-RiAUC | ||
| 005 | 20250809035814.0 | ||
| 008 | 250809s2009 ua g 000 0 ara c | ||
| 040 |
_aEG-CaDAJ _bara _cSA-RiAUC _erda |
||
| 082 | 0 | 4 | _a252.5 |
| 090 |
_a252.5 _bج م ع |
||
| 110 | 2 |
_aجمعية المكنز الإسلامي _eمؤلف. |
|
| 245 | 1 | 0 |
_aمناسك الحج والعمرة / _cجمعية المكنز الإسلامي. |
| 264 | 1 |
_a[القاهرة] : _bجمعية المكنز الإسلامي، _c2004. |
|
| 300 |
_a196 صفحة، _c29 سم, |
||
| 336 |
_aنص _btxt _2rdacontent _3كتاب |
||
| 337 |
_aبدون وسيط _bn _2rdamedia |
||
| 338 |
_aمجلد _bnc _2rdacarrier |
||
| 650 | 7 |
_aالحج (فقه إسلامي) _xمناسك _2aucsh |
|
| 650 | 7 |
_aالعمرة (فقه إسلامي) _xمناسك _2aucsh |
|
| 942 |
_2ddc _cBOOK |
||
| 949 |
_aSA-JeALM _d250809 _ukhaled123 _n1 |
||
| 999 |
_c10680 _d10680 |
||